Taigu Ryōkan /
Saved in:
| 主要作者: | |
|---|---|
| 其他作者: | |
| 格式: | 图书 |
| 语言: | Japanese |
| 出版: |
Niigata :
Kōkodō Shoten,
1974.
|
| 主题: | |
| 标签: |
添加标签
没有标签, 成为第一个标记此记录!
|
| LEADER | 01238nam a2200349 i 4500 | ||
|---|---|---|---|
| 001 | 007712607-6 | ||
| 005 | 20024617120653.0 | ||
| 008 | 931223s1974 ja 001 0 jpn | ||
| 010 | |a 74808690 /J | ||
| 015 | |a Ja74-11162 | ||
| 035 | 0 | |a ocm29546992 | |
| 040 | |a DLC |c MoSW |d *YNH* |d CStRLIN | ||
| 050 | 0 | |a PL797.6.Z5 |b S63 1974 | |
| 100 | 1 | |6 880-01 |a Sōma, Gyofū, |d 1883-1950. | |
| 245 | 1 | 0 | |6 880-02 |a Taigu Ryōkan / |c Sōma Gyofū cho ; Watanabe Hideei kōchū. |
| 260 | |6 880-03 |a Niigata : |b Kōkodō Shoten, |c 1974. | ||
| 300 | |a 400 p. ; |c 27 cm. | ||
| 500 | |6 880-04 |a "Sōma Gyofū iboku fukkoku 2-ten" in pocket. | ||
| 500 | |a Colophon inserted. | ||
| 500 | |a Includes index. | ||
| 600 | 0 | 0 | |6 880-05 |a Ryōkan, |d 1758-1831. |
| 650 | 0 | |a Literary landmarks |z Japan. | |
| 651 | 0 | |a Japan |x Description and travel. | |
| 700 | 1 | |6 880-06 |a Watanabe, Hideei, |d 1910- |e ed. | |
| 880 | 1 | |6 100-01 |a 相馬御風, |d 1883-1950. | |
| 880 | 1 | 0 | |6 245-02 |a 大愚良寬 / |c 相馬御風著; 渡辺秀英校註. |
| 880 | |6 260-03 |a 新潟 : |b 考古堂書店, |c 1974. | ||
| 880 | |6 500-04 |a "相馬御風遺墨複刻2点" in pocket. | ||
| 880 | 0 | 0 | |6 600-05 |a 良寬, |d 1758-1831. |
| 880 | 1 | |6 700-06 |a 渡辺秀英, |d 1910- |e ed. | |
| 988 | |a 20021217 | ||
| 906 | |0 DLC | ||


